La investigación científica /

Guardado en:
Autor Principal: Houssay, Bernardo A.
Formato: Libro
Publicado: Argentina : Columba, 1960
Edición:2a. ed.
Etiquetas: Agregar Etiqueta
Sin Etiquetas, Sea el primero en etiquetar este registro!
LEADER 00442nam a22001575a 4500
001 CEM.cems003311
005 19000101000000.0
008 130507s1960##################000#0#####d
003 CEMS
082 0 4 |a 001 
100 1 |a Houssay, Bernardo A. 
245 1 0 |a La investigación científica /  |c Bernardo A. Houssay 
250 |a 2a. ed. 
260 |a Argentina :  |b Columba,  |c 1960 
300 |a 47 p. 
859 |a CEMS  |b BIB. CEMS - 11 de abril  |h 001  |i H816a2  |p 6329.78  |t Ej.1